000 01067nkm a2200349 b 4500
001 0028610
003 DO-SdBNP
005 20230315093421.0
007 0028610
008 060721s2010 sp spa
017 _a
_b
020 _a9788498886159
035 _a
040 _aBPMSU
_bspa
_cBPMSU
_e
082 _a823.91
_bR884H, 2010
_222
100 1 _aRowling, J. K.,
_d1965-
240 _l
245 1 0 _aHarry Potter y el prisionero de Azkaban /
_cJ. K. Rowling ; traducción de Adolfo Muñoz García y Nieves Martín Azofra.
_h
_b
250 _319a. ed.
260 _aBarcelona :
_bSalamandra,
_c2010
_e
_f
300 _a 359 p. ;
_c22 cm.
490 0 _aHarry Potter
_v3
534 _aTítulo original :
_tHarry Potter and the prisioner of Azkaban.
590 _6Inventariado, 2023/VM
650 4 _aNovela juvenil inglesa
650 4 _aMagia
_vNovela
700 _a Muñoz García, Adolfo
_etr.
700 1 _aMartín Azofra, Nieves
_e tr.
910 _aVMateo V. Control de calidad (BPMSU)
942 _2ddc
_cBK
980 _a
_a
_b
_j
_c
999 _c10940
_d10940